01407nam a2200301 a 450000100100000000500170001000800410002702000180006804000250008608200190011110000390013024501210016926000460029030000210033650000480035750400310040559000250043665000540046165000550051565000310057065000250060170000530062691000370067995201320071695201170084895201230096599900170108800002403920251120105504.0110118s2010 dr 001 0 spa d a9789945163735 aDO-SdBNPbspacBNPHU a345.052bM433i1 aMatos Medina, Luis Patricio94939110aIntervenciones telefónicas en el proceso penal /cLuis Patricio Matos Medina ; prólogo Pedro J. Duarte Canáan. aSanto Domingo :bPeniel Ramírez,c2010. a449 p. ;c22 cm. aBibliografía y notas al pie de páginas. aBibliografía: p.447-449. aInventariado,2018/DG 4aInterceptación de líneas telefónicas949392 4aProcedimiento penalzRepública Dominicana914474 0aEvidencia (Derecho)919635 0aPrueba penal 9271781 aDuarte Canaán, Pedro J.,d1963-epról.96300 aValidado. Control de calidad EMS 001052708DSaGRbGRcHDd2011-01-18iLF1l0o345.052 M433ip24039-30r2020-06-25te. 3w2020-06-25yLFDSZPréstamo interno 0010718PDaPDbPDcHDd2011-01-18iLF1l0o345.052 M433ip24039-10r2020-06-25w2020-06-25yLFPDZNo se presta 0010718PDaPDbPDcHDd2011-01-18iLF1l0o345.052 M433ip24039-20r2020-06-25te. 2w2020-06-25yLFPDZNo se presta c23534d23534